000 00476cam a2200181ua 4500
001 5941
008 131029n ii |||gr||||Z||||||eng
020 _a81-7018-464-9
040 _cMAIN
082 _a954.035
245 1 1 _aIndian Struggle For Freedom
_cBy Satyabrata Ghosh
260 _aDelhi:
_bB.R. Publishing Corporation,
_c1988.
300 _axi,173p.
653 _aHistory
653 _aIndian Struggle For Freedom
700 1 _aGhosh,Satyabrata,
_eAuthor.
942 _cBK
999 _c5095
_d5095